[Event "Figueira da Foz op 17th"]
[Site "Figueira da Foz"]
[Date "2023.11.07"]
[Round "3"]
[White "Mehar, Chinna Reddy CH"]
[Black "Urazayev, Arystanbek"]
[Result "1-0"]
[WhiteElo "2366"]
[BlackElo "2478"]
[PlyCount "81"]
[EventDate "2023.11.05"]
[EventType "swiss"]
[EventRounds "9"]
[EventCountry "POR"]
[SourceTitle "CB46_2023"]
[SourceDate "2023.11.15"]
[SourceVersion "1"]
[SourceVersionDate "2023.11.15"]
[SourceQuality "1"]

1. d4 Nf6 2. Nf3 e6 3. Bf4 c5 4. e3 cxd4 5. exd4 b6 6. c3 Be7 7. h3 0-0 8. Bd3 Ba6 9. Bxa6 Nxa6 10. 0-0 Nc7 11. Ne5 Ncd5 12. Bh2 b5 13. Nd2 Qb6 14. a4 a6 15. Re1 d6 16. Nd3 Rfc8 17. Qb3 h6 18. Ra2 Qc6 19. Rea1 Rab8 20. axb5 axb5 21. Ra6 Rb6 22. Ra7 Bf8 23. R1a5 g6 24. Qa2 Nxc3 25. bxc3 Qxc3 26. Ra3 Qxd4 27. Bf4 Nd5 28. Nf3 Qe4 29. Bd2 Rbc6 30. Nfe1 Bg7 31. R3a6 Bd4 32. Rxc6 Rxc6 33. Ra8+ Kg7 34. Qa5 Bf6 35. Rb8 Nc7 36. Qa7 Qe2 37. Qb7 Na6 38. Ra8 Rc7 39. Qxa6 Qxd2 40. Qxd6 Re7 41. Qd8 1-0

[Event "Cap d'Agde op 21st"]
[Site "Cap d'Agde"]
[Date "2023.11.03"]
[Round "8"]
[White "Mehar, Chinna Reddy CH"]
[Black "Girel, Joseph"]
[Result "1/2-1/2"]
[WhiteElo "2361"]
[BlackElo "2494"]
[PlyCount "45"]
[EventDate "2023.10.28"]
[EventType "swiss"]
[EventRounds "9"]
[EventCountry "FRA"]
[SourceTitle "Mega2024 Update 01"]
[Source "Chessbase"]
[SourceDate "2023.11.12"]
[SourceVersion "1"]
[SourceVersionDate "2023.11.12"]
[SourceQuality "1"]

1. d4 Nf6 2. Nf3 d5 3. Bf4 c5 4. e3 Nc6 5. Nbd2 Nh5 6. dxc5 Nxf4 7. exf4 g6 8. c3 Bh6 9. g3 0-0 10. Bg2 b6 11. cxb6 Qxb6 12. Qb3 Qa5 13. Qd1 Ba6 14. Nb3 Qb6 15. Bf1 Bb7 16. Be2 d4 17. cxd4 Bg7 18. 0-0 Rfd8 19. Rc1 a5 20. Qc2 a4 21. Nc5 Nxd4 22. Nxd4 Bxd4 23. Nxb7 1/2-1/2

[Event "Bhubaneswar op-A 14th"]
[Site "Bhubaneswar"]
[Date "2023.06.15"]
[Round "7"]
[White "Ziatdinov, Raset"]
[Black "Mehar, Chinna Reddy CH"]
[Result "1/2-1/2"]
[WhiteElo "2101"]
[BlackElo "2390"]
[PlyCount "119"]
[EventDate "2023.06.11"]
[EventType "swiss"]
[EventRounds "10"]
[EventCountry "IND"]
[SourceTitle "CBM 214 Extra"]
[Source "ChessBase"]
[SourceDate "2023.07.31"]
[SourceVersion "1"]
[SourceVersionDate "2023.07.31"]
[SourceQuality "1"]

1. e4 c5 2. Nf3 d6 3. d4 cxd4 4. Nxd4 Nf6 5. Nc3 Nc6 6. Bg5 e6 7. Qd2 a6 8. 0-0-0 Bd7 9. f4 Be7 10. Nf3 b5 11. Bxf6 gxf6 12. Kb1 Qb6 13. Bd3 0-0-0 14. Ne2 Kb8 15. f5 Ne5 16. Nf4 Nxf3 17. gxf3 Rhg8 18. Rhe1 Bc8 19. c3 Rg5 20. Bc2 Rgg8 21. fxe6 fxe6 22. Bb3 d5 23. exd5 e5 24. Qc2 Bd6 25. Ne6 Rd7 26. c4 bxc4 27. Bxc4 Rb7 28. Rc1 Bd7 29. Qe2 Ba3 30. Bb3 Bb4 31. Red1 Bd6 32. Rc2 a5 33. Rdc1 a4 34. Bc4 Rg1 35. Ba6 Ra7 36. Bd3 Rb7 37. Rxg1 Qxg1+ 38. Qf1 Qb6 39. Qf2 Qa5 40. Nc5 Bxc5 41. Rxc5 Qb4 42. Rc4 Qa5 43. Qc2 Qe1+ 44. Qc1 Qf2 45. d6 f5 46. Rc7 Qb6 47. Rc5 Qxd6 48. Qc3 Rc7 49. Rxc7 Qxc7 50. Kc2 Qd6 51. h4 Qd5 52. Bc4 Qc5 53. Be2 Qd5 54. Qc4 Qxc4+ 55. Bxc4 Kc7 56. Kc3 Kd6 57. Kb4 Bc6 58. Be2 f4 59. Kc3 h6 60. b4 1/2-1/2

[Event "Bhubaneswar op-A 14th"]
[Site "Bhubaneswar"]
[Date "2023.06.14"]
[Round "5"]
[White "Jaidambareesh, NR."]
[Black "Mehar, Chinna Reddy CH"]
[Result "0-1"]
[WhiteElo "1624"]
[BlackElo "2390"]
[PlyCount "132"]
[EventDate "2023.06.11"]
[EventType "swiss"]
[EventRounds "10"]
[EventCountry "IND"]
[SourceTitle "CBM 214 Extra"]
[Source "ChessBase"]
[SourceDate "2023.07.31"]
[SourceVersion "1"]
[SourceVersionDate "2023.07.31"]
[SourceQuality "1"]

1. Nf3 d5 2. g3 Bg4 3. Bg2 Nd7 4. 0-0 e6 5. h3 Bh5 6. d3 Bd6 7. c4 Ngf6 8. Nc3 c6 9. cxd5 cxd5 10. Qb3 0-0 11. Be3 Bxf3 12. Bxf3 Bc5 13. Bd2 b6 14. Bg2 Ne5 15. Rac1 Qd7 16. Qb5 Rac8 17. Qxd7 Nfxd7 18. Na4 Be7 19. Rxc8 Rxc8 20. Rc1 Rxc1+ 21. Bxc1 Kf8 22. Nc3 Nc6 23. a3 Bf6 24. Bd2 Nc5 25. Nd1 Na4 26. b4 Nd4 27. Kf1 Nb5 28. Bc1 Ke7 29. Ke1 Nac3 30. Nxc3 Bxc3+ 31. Kd1 Kd6 32. a4 Nc7 33. Ba3 b5 34. Kc2 Be1 35. axb5 Bxf2 36. g4 Nxb5 37. Bb2 f6 38. g5 Bd4 39. Bc1 f5 40. e4 Ke5 41. exd5 exd5 42. Kb3 Nc7 43. Ka4 g6 44. Bf3 Bb6 45. h4 Bf2 46. h5 Kd4 47. hxg6 hxg6 48. Bf4 Ne6 49. Bd6 Be3 50. Be2 Bf4 51. Be7 Bxg5 52. Bd6 Bf4 53. Be7 Bg5 54. Bd6 Bf4 55. Be7 Ke3 56. Bf1 Kf2 57. Bh3 Kg3 58. Bf1 Kf2 59. Bh3 Ng5 60. Bxf5 gxf5 61. Kb5 Be3 62. Kc6 Ke2 63. Kxd5 Nf3 64. Kc4 Ne5+ 65. Kc3 Nxd3 66. Bd6 f4 0-1

[Event "IND-ch 59th"]
[Site "New Delhi"]
[Date "2023.01.01"]
[Round "11"]
[White "Shyam, Nikil P"]
[Black "Mehar, Chinna Reddy CH"]
[Result "1/2-1/2"]
[WhiteElo "2490"]
[BlackElo "2405"]
[PlyCount "108"]
[EventDate "2022.12.22"]
[EventType "swiss"]
[EventRounds "13"]
[EventCountry "IND"]
[SourceTitle "CBM 211 Extra"]
[Source "ChessBase"]
[SourceDate "2023.01.31"]
[SourceVersion "1"]
[SourceVersionDate "2023.01.31"]
[SourceQuality "1"]

1. Nf3 d5 2. g3 Bg4 3. Bg2 Nd7 4. h3 Bxf3 5. Bxf3 Ngf6 6. 0-0 e6 7. d3 Bc5 8. Bg2 0-0 9. e4 dxe4 10. dxe4 e5 11. Nd2 c6 12. a4 Qc7 13. Qe2 Rfe8 14. Nc4 Nf8 15. Bd2 a5 16. Kh1 Ne6 17. c3 Rad8 18. Rfd1 Bf8 19. Be3 Bc5 20. Bd2 Bf8 21. Be1 Nc5 22. Qc2 Rxd1 23. Rxd1 Nfd7 24. b4 axb4 25. cxb4 Ne6 26. a5 Nb8 27. Qb2 f6 28. b5 Bc5 29. Rb1 Bd4 30. Qb4 Nc5 31. Nd2 Kh8 32. Qa3 cxb5 33. Rxb5 Nbd7 34. Kh2 Na6 35. Nf3 Ba7 36. Nh4 Ndc5 37. Bd2 Qd7 38. Rb2 Nd3 39. Rc2 Bxf2 40. Nf5 Ne1 41. Rb2 Bc5 42. Qb3 Nxg2 43. Qxb7 Qxb7 44. Rxb7 Rd8 45. Rb2 Ba3 46. Ra2 g6 47. Nh6 Kg7 48. Kxg2 Bb4 49. Be3 Rd3 50. Ng4 h5 51. Bh6+ Kf7 52. Nf2 Ra3 53. Rxa3 Bxa3 54. Bd2 Ke6 1/2-1/2

[Event "IND-ch 59th"]
[Site "New Delhi"]
[Date "2022.12.30"]
[Round "9"]
[White "Visakh, Narayanan Rajeswari"]
[Black "Mehar, Chinna Reddy CH"]
[Result "1-0"]
[WhiteElo "2544"]
[BlackElo "2405"]
[PlyCount "93"]
[EventDate "2022.12.22"]
[EventType "swiss"]
[EventRounds "13"]
[EventCountry "IND"]
[SourceTitle "CBM 211 Extra"]
[Source "ChessBase"]
[SourceDate "2023.01.31"]
[SourceVersion "1"]
[SourceVersionDate "2023.01.31"]
[SourceQuality "1"]

1. d4 d5 2. Bf4 c5 3. e3 Nc6 4. Nf3 Nf6 5. Nbd2 Bg4 6. h3 Bxf3 7. Nxf3 e6 8. Be2 Bd6 9. dxc5 Bxf4 10. exf4 Qa5+ 11. c3 Qxc5 12. Bd3 0-0 13. 0-0 Rad8 14. Rc1 Qb6 15. b4 g6 16. a3 a5 17. b5 Ne7 18. Re1 Nc8 19. Qe2 Qd6 20. Qe5 Nd7 21. Qd4 Qxa3 22. Ra1 Qc5 23. Rxa5 Nd6 24. Ne5 Qxd4 25. cxd4 Nb6 26. Kf1 Ra8 27. Raa1 Rxa1 28. Rxa1 f6 29. Ng4 Kf7 30. Ne3 Ra8 31. Rxa8 Nxa8 32. Nd1 Ke7 33. Ke2 Nb6 34. Nc3 Kd7 35. Kd2 Kc7 36. Kc2 Nbc4 37. Kb3 Kb6 38. Kb4 Nb2 39. Be2 Kc7 40. Kb3 Nbc4 41. Bd3 Nd2+ 42. Kb4 N2e4 43. Bxe4 Nxe4 44. Nxe4 dxe4 45. d5 e5 46. fxe5 fxe5 47. Ka5 1-0

[Event "IND-ch 59th"]
[Site "New Delhi"]
[Date "2022.12.29"]
[Round "8"]
[White "Mehar, Chinna Reddy CH"]
[Black "Iniyan, Panneerseluam"]
[Result "1/2-1/2"]
[WhiteElo "2405"]
[BlackElo "2507"]
[PlyCount "191"]
[EventDate "2022.12.22"]
[EventType "swiss"]
[EventRounds "13"]
[EventCountry "IND"]
[SourceTitle "CBM 211 Extra"]
[Source "ChessBase"]
[SourceDate "2023.01.31"]
[SourceVersion "1"]
[SourceVersionDate "2023.01.31"]
[SourceQuality "1"]

1. d4 Nf6 2. Nf3 e6 3. e3 b6 4. Bd3 Bb7 5. 0-0 d5 6. Nbd2 Bd6 7. Qe2 Ne4 8. b3 0-0 9. Bb2 Nd7 10. Ne5 a6 11. Ndf3 Nb8 12. Nd2 f6 13. Nef3 Nd7 14. Rfd1 Qe7 15. Nf1 c5 16. c4 f5 17. Ne5 Nxe5 18. dxe5 Bc7 19. Rac1 b5 20. cxd5 exd5 21. Qc2 Bxe5 22. Bxe5 Qxe5 23. Bxe4 dxe4 24. Qxc5 Qxc5 25. Rxc5 Rac8 26. Rxc8 Rxc8 27. Ng3 g6 28. h4 b4 29. h5 Bc6 30. Rd6 Kg7 31. hxg6 hxg6 32. Ne2 a5 33. Nd4 Be8 34. g4 fxg4 35. Kg2 a4 36. Rb6 axb3 37. axb3 Bf7 38. Rxb4 Rc1 39. Rb7 Kf6 40. Rb6+ Kg5 41. Rb7 Kf6 42. Rb6+ Kg5 43. Rb5+ Kf6 44. Kg3 Rg1+ 45. Kh2 Rb1 46. Kg2 Rc1 47. Rb8 Rb1 48. Rf8 Kg7 49. Rc8 Bxb3 50. Nxb3 Rxb3 51. Rc4 Kh6 52. Rxe4 Kh5 53. Kg3 Rb1 54. Re5+ g5 55. Re6 Rg1+ 56. Kh2 Ra1 57. Kg2 Rb1 58. Ra6 Rc1 59. Ra8 Rb1 60. Rh8+ Kg6 61. Rh1 Rb4 62. Kg3 Ra4 63. Re1 Kh5 64. Rd1 Rb4 65. Rh1+ Kg6 66. Rh8 Ra4 67. Rd8 Kh5 68. Rd2 Rb4 69. Ra2 Rc4 70. Ra1 Rb4 71. Kg2 Rc4 72. Rh1+ Kg6 73. Re1 Ra4 74. Kh2 Rb4 75. Kg3 Kh5 76. Ra1 Rc4 77. Ra6 Rc1 78. Re6 Rg1+ 79. Kh2 Ra1 80. Kg2 Rb1 81. Re8 Ra1 82. Rh8+ Kg6 83. Rh1 Ra4 84. Rg1 Rb4 85. Re1 Ra4 86. Kg3 Kh5 87. Kh2 Kg6 88. e4 Ra3 89. e5 Ra7 90. e6 Re7 91. Kg3 Kf5 92. Re3 Rxe6 93. Rxe6 Kxe6 94. Kxg4 Kf6 95. f4 gxf4 96. Kxf4 1/2-1/2

[Event "IND-ch 59th"]
[Site "New Delhi"]
[Date "2022.12.27"]
[Round "6"]
[White "Garv, Rai"]
[Black "Mehar, Chinna Reddy CH"]
[Result "0-1"]
[WhiteElo "2181"]
[BlackElo "2405"]
[PlyCount "126"]
[EventDate "2022.12.22"]
[EventType "swiss"]
[EventRounds "13"]
[EventCountry "IND"]
[SourceTitle "CBM 211 Extra"]
[Source "ChessBase"]
[SourceDate "2023.01.31"]
[SourceVersion "1"]
[SourceVersionDate "2023.01.31"]
[SourceQuality "1"]

1. d4 d5 2. Bf4 c5 3. e3 Nc6 4. Nf3 Bf5 5. Bb5 Qa5+ 6. Nc3 e6 7. 0-0 Rc8 8. dxc5 Bxc5 9. Nd4 Bxd4 10. exd4 Nge7 11. Bd3 0-0 12. Ne2 Qb6 13. c3 Qxb2 14. Rb1 Qxa2 15. Ra1 Qb2 16. Rb1 Qa2 17. Ra1 Qxa1 18. Qxa1 Bxd3 19. Re1 Rfd8 20. Ng3 b6 21. Qd1 Bg6 22. h4 h6 23. h5 Bh7 24. Nf1 Na5 25. Re3 Nc4 26. Rg3 Nf5 27. Rh3 Nfd6 28. Qc1 Bf5 29. Rh4 f6 30. Bxh6 gxh6 31. Qxh6 Kf7 32. g4 Rg8 33. f3 a5 34. Kf2 a4 35. Ng3 Bd3 36. Qf4 a3 37. Rh1 a2 38. Ra1 Bb1 39. h6 Ke7 40. Nh5 Rg6 41. Qc1 Rh8 42. Rxb1 axb1Q 43. Qxb1 Rgxh6 44. Qa2 Rd8 45. Qa7+ Rd7 46. Qa8 Rd8 47. Qa7+ Rd7 48. Qa8 Nf7 49. Qg8 Rd8 50. Qg7 Ncd6 51. Nf4 Rc8 52. Ng6+ Rxg6 53. Qxg6 Rxc3 54. Qg8 Rc8 55. Qh7 b5 56. Qb1 Rb8 57. Qb4 Nd8 58. Ke3 Nc6 59. Qc5 Kd7 60. Kd2 b4 61. Kc1 b3 62. f4 b2+ 63. Kb1 Nc4 0-1

[Event "Sitges Sunway online KO"]
[Site "Chess.com INT"]
[Date "2020.04.28"]
[Round "3.2"]
[White "Bachmann, Axel"]
[Black "Mehar, Chinna Reddy CH"]
[Result "1-0"]
[WhiteElo "2599"]
[BlackElo "2422"]
[PlyCount "67"]
[EventDate "2020.04.28"]
[EventType "k.o."]
[EventRounds "4"]
[EventCountry "ESP"]
[SourceTitle "CBM 195 Extra"]
[Source "ChessBase"]
[SourceDate "2020.05.31"]
[SourceVersion "1"]
[SourceVersionDate "2020.05.31"]
[SourceQuality "1"]

1. Nf3 d5 2. e3 Nf6 3. c4 c6 4. Nc3 e6 5. b3 Bd6 6. Bb2 0-0 7. d4 Nbd7 8. Bd3 Qe7 9. Qc2 e5 10. cxd5 cxd5 11. dxe5 Nxe5 12. Nxe5 Qxe5 13. Ne2 Qe7 14. h3 Be6 15. 0-0 Rac8 16. Qd1 Ne4 17. Bxe4 dxe4 18. Qd4 f6 19. Qxe4 Bxh3 20. Qxe7 Bxe7 21. gxh3 Rc2 22. Bd4 Rxe2 23. Rfc1 Bd6 24. Rc4 Be5 25. a4 Bxd4 26. Rxd4 Rc8 27. Rad1 Rcc2 28. Rf4 Rb2 29. Rd8+ Kf7 30. Rd7+ Ke6 31. Rxg7 Rxb3 32. Rxh7 a5 33. Rh6 Ke5 34. Rhxf6 1-0

[Event "Sitges Sunway online KO"]
[Site "Chess.com INT"]
[Date "2020.04.28"]
[Round "2.1"]
[White "Mehar, Chinna Reddy CH"]
[Black "Vrolijk, Liam"]
[Result "1/2-1/2"]
[WhiteElo "2422"]
[BlackElo "2502"]
[PlyCount "112"]
[EventDate "2020.04.28"]
[EventType "k.o."]
[EventRounds "4"]
[EventCountry "ESP"]
[SourceTitle "CBM 195 Extra"]
[Source "ChessBase"]
[SourceDate "2020.05.31"]
[SourceVersion "1"]
[SourceVersionDate "2020.05.31"]
[SourceQuality "1"]

1. d4 Nf6 2. Nf3 d5 3. c4 e6 4. Nc3 Be7 5. cxd5 exd5 6. Bf4 c6 7. e3 Bf5 8. Bd3 Bxd3 9. Qxd3 0-0 10. h3 Bd6 11. Bxd6 Qxd6 12. 0-0 Nbd7 13. Rab1 a5 14. Rfc1 Rfe8 15. Nd2 g6 16. Na4 Kg7 17. Nb3 Ne4 18. Nbc5 Ndxc5 19. Nxc5 Nxc5 20. Rxc5 b6 21. Rc2 Rec8 22. Rbc1 Rc7 23. Qb3 Rb8 24. Rc3 h5 25. Qc2 Rbc8 26. Qd3 Ra8 27. Rb3 Rb7 28. Qe2 Kg8 29. Rbc3 Rc7 30. Qc2 Rac8 31. Qa4 Kg7 32. a3 Kg8 33. Qc2 Kg7 34. Qb1 Kg8 35. Qd3 Ra8 36. Rb3 Rb7 37. Qe2 Kg7 38. Qf3 Kg8 39. g3 Kg7 40. Kg2 Rc8 41. Rbc3 Rbc7 42. Qf4 Qxf4 43. gxf4 Kf6 44. b4 axb4 45. axb4 Ke6 46. Ra3 c5 47. bxc5 bxc5 48. Ra6+ Ke7 49. dxc5 Rxc5 50. Rxc5 Rxc5 51. Kf3 Rc4 52. Rb6 d4 53. Rb7+ Ke6 54. Rb6+ Ke7 55. Rb7+ Ke6 56. Rb6+ Ke7 1/2-1/2

[Event "Sitges Sunway online op"]
[Site "Chess.com INT"]
[Date "2020.04.25"]
[Round "7"]
[White "Mehar, Chinna Reddy CH"]
[Black "Borsuk, Konstantin"]
[Result "1-0"]
[WhiteElo "2422"]
[BlackElo "2431"]
[PlyCount "99"]
[EventDate "2020.04.19"]
[EventType "swiss"]
[EventRounds "9"]
[EventCountry "ESP"]
[SourceTitle "CBM 195 Extra"]
[Source "ChessBase"]
[SourceDate "2020.05.31"]
[SourceVersion "1"]
[SourceVersionDate "2020.05.31"]
[SourceQuality "1"]

1. d4 Nf6 2. Nf3 e6 3. e3 b6 4. Bd3 Bb7 5. 0-0 c5 6. c4 d6 7. Nc3 cxd4 8. exd4 Be7 9. d5 e5 10. Nh4 g6 11. f4 e4 12. Be2 0-0 13. f5 Nbd7 14. g3 Re8 15. Ng2 a5 16. g4 Nc5 17. g5 Nfd7 18. f6 Nxf6 19. gxf6 Bxf6 20. Bf4 Be5 21. Qe1 f5 22. Qg3 Qf6 23. Ne3 Kh8 24. Rf2 Bxf4 25. Qxf4 Qe5 26. Raf1 Rad8 27. Qxe5+ Rxe5 28. Nb5 Bc8 29. h4 Re7 30. Rb1 Rf7 31. Kh2 f4 32. Rbf1 f3 33. Rb1 Kg7 34. Bf1 h6 35. b4 axb4 36. Rxb4 g5 37. Nd4 Rf4 38. Kg3 Rxh4 39. Ndf5+ Bxf5 40. Nxf5+ Kf6 41. Nxh4 gxh4+ 42. Kf4 Re8 43. Rxb6 e3 44. Rxd6+ Ke7 45. Rc6 exf2 46. Rxc5 h3 47. Bxh3 Ra8 48. Rc7+ Kd6 49. Rc6+ Ke7 50. Bf1 1-0

[Event "Novi Sad TS GM 110th"]
[Site "Novi Sad"]
[Date "2019.04.22"]
[Round "4"]
[White "Damljanovic, Branko"]
[Black "Mehar, Chinna Reddy CH"]
[Result "1/2-1/2"]
[WhiteElo "2486"]
[BlackElo "2348"]
[PlyCount "66"]
[EventDate "2019.04.20"]
[EventType "tourn"]
[EventRounds "9"]
[EventCountry "SRB"]
[EventCategory "7"]
[SourceTitle "CBM 190 Extra"]
[Source "ChessBase"]
[SourceDate "2019.07.15"]
[SourceVersion "1"]
[SourceVersionDate "2019.07.15"]
[SourceQuality "1"]

1. c4 c6 2. Nf3 d5 3. e3 Nf6 4. Nc3 e6 5. Qc2 Bd6 6. b3 0-0 7. Bb2 e5 8. d3 Re8 9. Be2 Bg4 10. h3 Bh5 11. 0-0 Nbd7 12. Rad1 Rc8 13. Rfe1 Bb8 14. e4 d4 15. Nb1 Bxf3 16. Bxf3 Bd6 17. g3 a5 18. Bg2 a4 19. Nd2 Ra8 20. h4 axb3 21. axb3 Bb4 22. Rf1 Qb6 23. Nf3 Ra2 24. Ra1 Rxa1 25. Rxa1 Nc5 26. Ra2 Na6 27. Bh3 Bf8 28. Ra1 Nb4 29. Qd1 Na6 30. Bc1 h6 31. Rb1 Nb4 32. Ra1 Na6 33. Rb1 Nb4 1/2-1/2

[Event "Novi Sad TS GM 110th"]
[Site "Novi Sad"]
[Date "2019.04.20"]
[Round "1"]
[White "Danielyan, Vahe"]
[Black "Mehar, Chinna Reddy CH"]
[Result "1-0"]
[WhiteElo "2405"]
[BlackElo "2348"]
[PlyCount "131"]
[EventDate "2019.04.20"]
[EventType "tourn"]
[EventRounds "9"]
[EventCountry "SRB"]
[EventCategory "7"]
[SourceTitle "CBM 190 Extra"]
[Source "ChessBase"]
[SourceDate "2019.07.15"]
[SourceVersion "1"]
[SourceVersionDate "2019.07.15"]
[SourceQuality "1"]

1. e4 c5 2. Nc3 Nc6 3. Bb5 Nd4 4. Bc4 e6 5. Nge2 Nf6 6. 0-0 a6 7. a4 Qc7 8. d3 Be7 9. Nxd4 cxd4 10. Ne2 Nxe4 11. Nxd4 Nf6 12. Nf3 b6 13. Bb3 Bb7 14. d4 0-0 15. c3 b5 16. Re1 Nd5 17. a5 Bd6 18. Qd3 Qc6 19. Bd2 Bc7 20. Bc2 f5 21. b4 Bf4 22. Bb3 Bxd2 23. Qxd2 Rac8 24. Rac1 Nf6 25. Qf4 Nd5 26. Qd2 Nf6 27. Qd3 Kh8 28. Qf1 Qd6 29. Ne5 Bd5 30. Bd1 Qe7 31. f3 d6 32. Nd3 Bc4 33. Qe2 Nd5 34. Qd2 Bxd3 35. Qxd3 Nxb4 36. Qe2 Nd5 37. Bb3 Qc7 38. Qxe6 Nxc3 39. Qe3 b4 40. Ra1 Qa7 41. Rac1 h6 42. Be6 Rce8 43. Qd3 Nb5 44. Rcd1 Nc3 45. Rc1 Nb5 46. Rcd1 Re7 47. Kf1 Nc3 48. Rc1 Qb7 49. Bxf5 Rxe1+ 50. Rxe1 Qd5 51. Be6 Qxa5 52. Kg1 Re8 53. Kf2 Qg5 54. g3 Qf6 55. Bb3 Rxe1 56. Kxe1 d5 57. Qe3 Qf8 58. Bc2 a5 59. Qd3 Qe7+ 60. Kf2 Kg8 61. Qh7+ Kf7 62. Qf5+ Kg8 63. Bd3 a4 64. g4 a3 65. Qc8+ Kf7 66. Bg6+ 1-0

[Event "Budapest Spring op"]
[Site "Budapest"]
[Date "2019.04.15"]
[Round "7"]
[White "Mehar, Chinna Reddy CH"]
[Black "Popovic, Dusan"]
[Result "1/2-1/2"]
[WhiteElo "2348"]
[BlackElo "2503"]
[PlyCount "32"]
[EventDate "2019.04.09"]
[EventType "swiss"]
[EventRounds "9"]
[EventCountry "HUN"]
[SourceTitle "CBM 190 Extra"]
[Source "ChessBase"]
[SourceDate "2019.07.15"]
[SourceVersion "1"]
[SourceVersionDate "2019.07.15"]
[SourceQuality "1"]

1. e4 e5 2. Nf3 d6 3. d4 exd4 4. Nxd4 Nf6 5. Nc3 Be7 6. Bf4 0-0 7. Qd2 Nc6 8. 0-0-0 Nxd4 9. Qxd4 Re8 10. f3 a6 11. Qf2 Bd7 12. g4 b5 13. h4 b4 14. Ne2 c5 15. g5 Nh5 16. Bxd6 Bxd6 1/2-1/2

[Event "Budapest Spring op"]
[Site "Budapest"]
[Date "2019.04.13"]
[Round "5"]
[White "Bernadskiy, Vitaliy"]
[Black "Mehar, Chinna Reddy CH"]
[Result "1/2-1/2"]
[WhiteElo "2587"]
[BlackElo "2348"]
[PlyCount "46"]
[EventDate "2019.04.09"]
[EventType "swiss"]
[EventRounds "9"]
[EventCountry "HUN"]
[SourceTitle "CBM 190 Extra"]
[Source "ChessBase"]
[SourceDate "2019.07.15"]
[SourceVersion "1"]
[SourceVersionDate "2019.07.15"]
[SourceQuality "1"]

1. e4 c5 2. Nf3 d6 3. d4 cxd4 4. Nxd4 Nf6 5. Nc3 Nc6 6. Bg5 e6 7. Qd2 a6 8. 0-0-0 Bd7 9. f4 Be7 10. Nf3 b5 11. Bxf6 gxf6 12. Kb1 Qb6 13. f5 0-0-0 14. g3 Kb8 15. Bh3 Na5 16. a3 Nc4 17. Qd4 Qb7 18. Nd2 Rc8 19. fxe6 fxe6 20. Bf1 Nxd2+ 21. Rxd2 Rc5 22. Bg2 Bc6 23. Rhd1 h5 1/2-1/2

[Event "Budapest FS04 GM"]
[Site "Budapest"]
[Date "2019.04.08"]
[Round "9"]
[White "Mehar, Chinna Reddy CH"]
[Black "Aczel, Gergely"]
[Result "1/2-1/2"]
[WhiteElo "2348"]
[BlackElo "2542"]
[PlyCount "120"]
[EventDate "2019.03.30"]
[EventType "tourn"]
[EventRounds "9"]
[EventCountry "HUN"]
[EventCategory "7"]
[SourceTitle "CBM 189 Extra"]
[Source "ChessBase"]
[SourceDate "2019.06.03"]
[SourceVersion "1"]
[SourceVersionDate "2019.06.03"]
[SourceQuality "1"]

1. d4 Nf6 2. Bf4 d6 3. Nc3 Nbd7 4. Nf3 Nh5 5. Bc1 g6 6. e4 Bg7 7. g4 Nhf6 8. h3 0-0 9. Bg2 c5 10. 0-0 a6 11. e5 Ne8 12. exd6 Nxd6 13. Re1 cxd4 14. Nxd4 Re8 15. Nb3 Nb6 16. a4 Bd7 17. Nd4 Rc8 18. Qd3 Rc4 19. Be3 Nxa4 20. Nxa4 Rxa4 21. Rxa4 Bxa4 22. b3 Bd7 23. c4 Qc7 24. Nc2 Bc6 25. Bxc6 Qxc6 26. Bf4 e5 27. Bg3 a5 28. Ne3 Ne4 29. Nd5 Nxg3 30. Qxg3 b5 31. Qf3 Qc5 32. cxb5 e4 33. Rxe4 Rxe4 34. Qxe4 Qxb5 35. Qf3 Bd4 36. Kg2 Kg7 37. h4 Qe8 38. g5 Qe6 39. Nf4 Qe5 40. Ne2 Bc5 41. Ng3 Be7 42. Ne4 h6 43. Qe3 h5 44. Qd3 f6 45. gxf6+ Bxf6 46. Nxf6 Kxf6 47. Qd8+ Kg7 48. Qd7+ Kh6 49. Qd2+ g5 50. Qxg5+ Qxg5+ 51. hxg5+ Kxg5 52. Kg3 Kf5 53. Kh4 Kg6 54. Kh3 Kg7 55. Kh4 Kh6 56. Kh3 Kg5 57. Kg3 h4+ 58. Kh3 Kf4 59. Kxh4 Kf3 60. Kg5 Kxf2 1/2-1/2

[Event "Budapest FS04 GM"]
[Site "Budapest"]
[Date "2019.04.03"]
[Round "5"]
[White "Mehar, Chinna Reddy CH"]
[Black "Ilincic, Zlatko"]
[Result "1/2-1/2"]
[WhiteElo "2348"]
[BlackElo "2412"]
[PlyCount "102"]
[EventDate "2019.03.30"]
[EventType "tourn"]
[EventRounds "9"]
[EventCountry "HUN"]
[EventCategory "7"]
[SourceTitle "CBM 189 Extra"]
[Source "ChessBase"]
[SourceDate "2019.06.03"]
[SourceVersion "1"]
[SourceVersionDate "2019.06.03"]
[SourceQuality "1"]

1. e4 c5 2. Nf3 d6 3. d4 cxd4 4. Qxd4 e5 5. Qe3 Nf6 6. c4 Be7 7. h3 0-0 8. Be2 b5 9. 0-0 b4 10. a3 bxa3 11. Rxa3 a5 12. Nc3 Bb7 13. Bd2 Nbd7 14. Rfa1 Nc5 15. Nd5 a4 16. Nxf6+ Bxf6 17. Bb4 Qb6 18. Bxc5 dxc5 19. Rxa4 Rxa4 20. Rxa4 Qxb2 21. Ra5 Qb1+ 22. Kh2 Qxe4 23. Qxe4 Bxe4 24. Rxc5 Be7 25. Rb5 f6 26. Nd2 Bc6 27. Rb6 Ba8 28. Nb3 Bd8 29. Ra6 Bc7 30. Nc5 e4+ 31. g3 Re8 32. Bg4 Be5 33. Be6+ Kh8 34. Bd5 Bxd5 35. cxd5 Kg8 36. Nxe4 Bd4 37. f3 Rd8 38. Ra5 Rb8 39. Ra4 Rb2+ 40. Kh1 Rb1+ 41. Kg2 Rg1+ 42. Kh2 Rd1 43. f4 h6 44. Ra8+ Kh7 45. f5 g6 46. d6 gxf5 47. d7 Bb6 48. Nxf6+ Kg6 49. Ra6 Rd2+ 50. Kh1 Kxf6 51. Rxb6+ Kg5 1/2-1/2

[Event "Budapest FS04 GM"]
[Site "Budapest"]
[Date "2019.04.02"]
[Round "4"]
[White "Bhakti, Kulkarni"]
[Black "Mehar, Chinna Reddy CH"]
[Result "0-1"]
[WhiteElo "2322"]
[BlackElo "2348"]
[PlyCount "80"]
[EventDate "2019.03.30"]
[EventType "tourn"]
[EventRounds "9"]
[EventCountry "HUN"]
[EventCategory "7"]
[SourceTitle "CBM 189 Extra"]
[Source "ChessBase"]
[SourceDate "2019.06.03"]
[SourceVersion "1"]
[SourceVersionDate "2019.06.03"]
[SourceQuality "1"]

1. d4 Nf6 2. c4 d6 3. Nc3 Nbd7 4. e4 e5 5. Be3 Be7 6. d5 0-0 7. f3 Ne8 8. Qd2 g6 9. Bd3 Ng7 10. Bh6 f5 11. exf5 gxf5 12. Nge2 Rf7 13. Be3 Nf8 14. f4 c5 15. 0-0 Ng6 16. a3 e4 17. Bc2 Nh5 18. b4 b6 19. bxc5 bxc5 20. Rab1 Ba6 21. Nb5 Nf6 22. h3 Rg7 23. Kh1 Nh4 24. Rg1 Nd7 25. Bf2 Nb6 26. Bb3 Bxb5 27. cxb5 Qe8 28. a4 Qh5 29. Ng3 Qh6 30. a5 Nd7 31. Bd1 Ne5 32. Nh5 Nhf3 33. Qe2 Nxg1 34. Bxg1 Nd3 35. g3 Rf7 36. b6 axb6 37. axb6 Bd8 38. b7 Rb8 39. Qa2 Nb4 40. Qa4 Qf8 0-1

[Event "Budapest FS04 GM"]
[Site "Budapest"]
[Date "2019.03.30"]
[Round "1"]
[White "Mehar, Chinna Reddy CH"]
[Black "Nguyen, Van Thanh"]
[Result "0-1"]
[WhiteElo "2348"]
[BlackElo "2358"]
[PlyCount "78"]
[EventDate "2019.03.30"]
[EventType "tourn"]
[EventRounds "9"]
[EventCountry "HUN"]
[EventCategory "7"]
[SourceTitle "CBM 189 Extra"]
[Source "ChessBase"]
[SourceDate "2019.06.03"]
[SourceVersion "1"]
[SourceVersionDate "2019.06.03"]
[SourceQuality "1"]

1. d4 d5 2. Bf4 Nf6 3. e3 c5 4. c3 Nc6 5. Nd2 cxd4 6. exd4 a6 7. Bd3 Bg4 8. Qb3 Na5 9. Qc2 Bh5 10. Ngf3 Bg6 11. Bxg6 hxg6 12. Ne5 e6 13. 0-0-0 Bd6 14. Kb1 Rc8 15. Rde1 Bxe5 16. Bxe5 Nc4 17. Nxc4 Rxc4 18. f3 b5 19. g4 b4 20. Re3 Kf8 21. Qd2 bxc3 22. Rxc3 Kg8 23. Rhc1 Nd7 24. Bg3 Qf6 25. Rxc4 dxc4 26. Qf2 Nb6 27. Bc7 Nd5 28. Be5 Qe7 29. Rxc4 Kh7 30. Qe1 Ra8 31. a3 Qb7 32. Qe4 Qb3 33. Rc2 Ra7 34. h4 Rb7 35. Kc1 Ne3 36. h5 Nxc2 37. hxg6+ fxg6 38. Qxc2 Qxf3 39. Qh2+ Kg8 0-1